000 00644nam a2200217Ia 4500
005 20241129105742.0
008 241129s9999||||xx |||||||||||||| ||und||
020 _a978-93-89386-12-7
037 _aTB
040 _aARTS
_beng
_cARTS
041 _aeng
_2eng
084 _aQ4:6815.73 R2
_qARTS
100 _aHuong Bhikkhuni Gioi Au.
245 0 _aSharing the dharma: vietnamese buddhist nuns in the united states
_cHuong Bhikkhuni Gioi Au.
260 _aDelhi, India
_bEastern Book Linkers
_c2021
300 _a442p.
365 _aINR
_b4950
650 _aBuddhism
942 _cTB
_hQ4:6815.73 R2
999 _c1225771
_d1225771